000 00547nam a2200193Ia 4500
005 20250326130828.0
008 250326s9999 xx 000 0 und d
037 _aTextbook
040 _aFMSL
_beng
_cFMSL
041 _aeng
_2eng
084 _aX:74 Q4
_qFMSL
100 _aMohraman S A
_9741483
245 0 _aOrganizing for sustainable effectiveness
_cMohraman S A; Shani A B R
260 _aUnited Kingdom
_bUnited Kingdom, EMERALD
_c2014
300 _a252p
490 _v4
942 _cTB
_hX:74 Q4
999 _c1284282
_d1284282